000 00458nam a22001217a 4500
008 230612b xxu||||| |||| 00| 0 eng d
082 _a352.12520912
_bKEN
100 _cGOK
245 _a2007/2008 District Allocation Budget of the Ministry of state, Provisional Administration and Internal Security for the Year Ending 30th June, 2008
_bVote R01 and D01
_cOffice of the president
260 _aNairobi, Kenya
_bGOK
_cJune 2008
300 _a69p
942 _2ddc
_cBK
999 _c1006
_d1006